Ed Sheeran Collaborations - Sudden Death - Statistics

General Stats
  • This quiz has been taken 330 times
  • The average score is 7 of 18
Answers on the Grid
Answers color-coded by a green-red scale on the quiz's grid according to % correct below.
50 Cent
Adele
Beyoncé
Billie Eilish
Bruno Mars
Burna Boy
Camila Cabello
Cardi B
Chance the Rapper
Coldplay
Drake
Elton John
Eminem
Imagine Dragons
J Balvin
Justin Bieber
Khalid
Lady Gaga
Lil Baby
Metallica
Michael Jackson
Olivia Rodrigo
Sam Smith
Stormzy
Taylor Swift
The Weeknd
Travis Scott
 
Answer Stats
Answer % Correct
"I Don't Care" Justin Bieber
70%
"End Game" Taylor Swift
63%
"Bam Bam" Camila Cabello
54%
"River" Eminem
51%
"Perfect Duet" Beyoncé
45%
"Merry Christmas" Elton John
45%
"Beautiful People" Khalid
44%
"South of the Border" Cardi B
43%
"Blow" Bruno Mars
39%
"Take Me Back to London" Stormzy
37%
"Remember the Name" 50 Cent
34%
"Cross Me" Chance the Rapper
34%
"Own It" Burna Boy
31%
"Antisocial" Travis Scott
30%
"Sigue" J Balvin
27%
"Dark Times" The Weeknd
24%
"2step" Lil Baby
22%
"Who We Love" Sam Smith
21%
No matching quizzes found
Score Distribution
Percent of People with Each Score
Percentile by Number Answered
Your Score History
You have not taken this quiz